000 00917nam a2200253 a 4500
001 58424
003 BD-RjUL
005 20211209080622.0
008 161218s1957 enk b 001 0 eng
035 _a(BD-RjUL)58548
040 _aDLC
_cCChiS
_dNcGU
_dBD-RjUL
_beng
041 _aeng
082 _223
_a341.2362
_bEGY 1957
110 2 _aJamʻīyah al-Miṣrīyah lil-Qānūn al-Dawlī.
_9176110
245 1 0 _aEgypt and the United Nations /
_creport of a study group set up by the Egyptian Society of International Law. Prepared for the Carnegie Endowment for International Peace.
260 _aNew York :
_bManhattan Pub. Co.,
_c1957
300 _axi, 197 p. ;
_c22 cm.
500 _aInclude index
610 2 0 _aUnited Nations
_zEgypt.
_9176112
651 0 _aEgypt
_xForeign relations.
_9173523
942 _2ddc
_cBK
999 _c58424
_d58424